[Event "DEM U12 2021"]
[Site "Willingen GER"]
[Date "2021.08.23"]
[Round "2"]
[White "Schuricht, Emil Frederick"]
[Black "Zobel, Christian"]
[Result "1-0"]
[Termination "normal"]
[Board "6"]
[WhiteElo "1422"]
[BlackElo "1641"]
[WhiteClock "00:55:17"]
[BlackClock "00:08:22"]
[PlyCount "69"]
[WhiteFideId "16270185"]
[BlackFideId "16259068"]
[EventCountry "GER"]
[EventRounds "9"]
[EventType "swiss"]
[EventDate "2021.08.22"]

1. d4 {[%clk 01:30:56]} {[%emt 00:00:03]} Nf6 {[%clk 01:29:42]} {[%emt
00:01:18]} 2. c4 {[%clk 01:31:19]} {[%emt 00:00:07]} g6 {[%clk 01:30:06]}
{[%emt 00:00:06]} 3. Nc3 {[%clk 01:31:43]} {[%emt 00:00:06]} Bg7 {[%clk
01:30:29]} {[%emt 00:00:07]} 4. e4 {[%clk 01:32:02]} {[%emt 00:00:12]} d6
{[%clk 01:30:53]} {[%emt 00:00:05]} 5. f3 {[%clk 01:32:28]} {[%emt 00:00:04]}
O-O {[%clk 01:29:30]} {[%emt 00:01:53]} 6. Be3 {[%clk 01:32:47]} {[%emt
00:00:11]} Nbd7 {[%clk 01:28:40]} {[%emt 00:01:21]} 7. Qd2 {[%clk 01:32:31]}
{[%emt 00:00:45]} e5 {[%clk 01:27:25]} {[%emt 00:01:45]} 8. d5 {[%clk
01:32:40]} {[%emt 00:00:21]} b6 {[%clk 01:22:06]} {[%emt 00:05:49]} 9. Nge2
{[%clk 01:31:17]} {[%emt 00:01:49]} Ba6 {[%clk 01:20:07]} {[%emt 00:02:33]} 10.
Ng3 {[%clk 01:30:56]} {[%emt 00:00:47]} Ne8 {[%clk 01:14:39]} {[%emt 00:06:03]}
11. Bh6 {[%clk 01:28:48]} {[%emt 00:02:37]} Bc8 {[%clk 01:12:41]} {[%emt
00:02:27]} 12. h4 {[%clk 01:27:48]} {[%emt 00:01:29]} Bxh6 {[%clk 01:06:49]}
{[%emt 00:06:24]} 13. Qxh6 {[%clk 01:28:01]} {[%emt 00:00:15]} Qf6 {[%clk
01:07:15]} {[%emt 00:00:04]} 14. Nce2 {[%clk 01:21:13]} {[%emt 00:07:19]} Nc5
{[%clk 01:05:41]} {[%emt 00:02:04]} 15. O-O-O {[%clk 01:19:54]} {[%emt
00:01:48]} a6 {[%clk 00:58:44]} {[%emt 00:07:28]} 16. Nc3 {[%clk 01:13:12]}
{[%emt 00:07:12]} Qf4+ {[%clk 00:51:58]} {[%emt 00:07:16]} 17. Qxf4 {[%clk
01:13:30]} {[%emt 00:00:11]} exf4 {[%clk 00:52:26]} {[%emt 00:00:03]} 18. Nge2
{[%clk 01:13:41]} {[%emt 00:00:18]} f5 {[%clk 00:52:46]} {[%emt 00:00:11]} 19.
b4 {[%clk 01:13:53]} {[%emt 00:00:17]} Nd7 {[%clk 00:52:15]} {[%emt 00:01:01]}
20. Nxf4 {[%clk 01:14:05]} {[%emt 00:00:18]} Ne5 {[%clk 00:51:27]} {[%emt
00:01:18]} 21. Nh3 {[%clk 01:12:36]} {[%emt 00:01:59]} fxe4 {[%emt 00:03:59]}
22. Nxe4 {[%clk 01:11:06]} {[%emt 00:01:56]} Bxh3 {[%clk 00:46:15]} {[%emt
00:02:18]} 23. Rxh3 {[%clk 01:11:09]} {[%emt 00:00:27]} Nf6 {[%clk 00:43:40]}
{[%emt 00:03:04]} 24. Nxf6+ {[%clk 01:06:29]} {[%emt 00:05:11]} Rxf6 {[%clk
00:43:45]} {[%emt 00:00:25]} 25. Rd4 {[%clk 01:06:12]} {[%emt 00:00:46]} Raf8
{[%clk 00:36:39]} {[%emt 00:07:36]} 26. Kc2 {[%clk 01:04:21]} {[%emt 00:02:21]}
c5 {[%clk 00:34:32]} {[%emt 00:02:36]} 27. bxc5 {[%clk 01:03:15]} {[%emt
00:01:37]} bxc5 {[%clk 00:34:57]} {[%emt 00:00:05]} 28. Re4 {[%clk 01:02:05]}
{[%emt 00:01:39]} Rf4 {[%clk 00:29:39]} {[%emt 00:05:48]} 29. Rxf4 {[%clk
01:00:41]} {[%emt 00:01:54]} Rxf4 {[%clk 00:30:04]} {[%emt 00:00:06]} 30. Kc3
{[%clk 01:00:58]} {[%emt 00:00:13]} Kg7 {[%clk 00:24:26]} {[%emt 00:06:08]} 31.
Rh1 {[%clk 00:58:35]} {[%emt 00:02:53]} h6 {[%clk 00:14:47]} {[%emt 00:10:07]}
32. Bd3 {[%clk 00:56:26]} {[%emt 00:02:40]} Rd4 {[%clk 00:11:11]} {[%emt
00:04:05]} 33. Be2 {[%clk 00:55:18]} {[%emt 00:01:39]} g5 {[%clk 00:07:53]}
{[%emt 00:03:48]} 34. hxg5 {[%clk 00:55:17]} {[%emt 00:00:31]} hxg5 {[%clk
00:08:22]} {[%emt 00:00:01]} 35. Rb1 {[%emt 00:02:09]} 1-0

[Event "DEM U12 2021"]
[Site "Willingen GER"]
[Date "2021.08.23"]
[Round "2"]
[White "Jahnz, Laurin"]
[Black "Goldmann, David"]
[Result "1/2-1/2"]
[Termination "normal"]
[Board "7"]
[WhiteElo "1546"]
[BlackElo "1629"]
[WhiteClock "00:41:57"]
[BlackClock "01:12:44"]
[PlyCount "45"]
[WhiteFideId "16261089"]
[BlackFideId "16268920"]
[EventCountry "GER"]
[EventRounds "9"]
[EventType "swiss"]
[EventDate "2021.08.22"]

1. e4 {[%clk 01:30:59]} {[%emt 00:00:01]} c5 {[%clk 01:30:55]} {[%emt
00:00:05]} 2. c3 {[%clk 01:31:25]} {[%emt 00:00:03]} e6 {[%clk 01:31:19]}
{[%emt 00:00:07]} 3. d4 {[%clk 01:31:51]} {[%emt 00:00:03]} d5 {[%clk
01:31:42]} {[%emt 00:00:07]} 4. exd5 {[%clk 01:32:18]} {[%emt 00:00:04]} Qxd5
{[%clk 01:31:13]} {[%emt 00:00:59]} 5. Nf3 {[%clk 01:32:30]} {[%emt 00:00:17]}
cxd4 {[%clk 01:31:31]} {[%emt 00:00:13]} 6. Qxd4 {[%clk 01:30:49]} {[%emt
00:02:10]} Nf6 {[%clk 01:31:05]} {[%emt 00:00:57]} 7. Qxd5 {[%clk 01:27:00]}
{[%emt 00:04:20]} Nxd5 {[%emt 00:00:09]} 8. Bc4 {[%clk 01:27:04]} {[%emt
00:00:24]} Nb6 {[%clk 01:31:44]} {[%emt 00:00:13]} 9. Bb5+ {[%clk 01:27:30]}
{[%emt 00:00:04]} Bd7 {[%clk 01:32:06]} {[%emt 00:00:09]} 10. Bxd7+ {[%clk
01:27:56]} {[%emt 00:00:03]} N8xd7 {[%clk 01:32:30]} {[%emt 00:00:05]} 11. O-O
{[%clk 01:27:35]} {[%emt 00:00:51]} f6 {[%clk 01:31:58]} {[%emt 00:01:03]} 12.
Re1 {[%clk 01:27:03]} {[%emt 00:01:02]} Kf7 {[%clk 01:32:16]} {[%emt 00:00:11]}
13. Nbd2 {[%clk 01:26:31]} {[%emt 00:01:02]} Nc5 {[%clk 01:30:35]} {[%emt
00:02:12]} 14. Nb3 {[%clk 01:21:35]} {[%emt 00:05:26]} Nxb3 {[%clk 01:28:30]}
{[%emt 00:02:34]} 15. axb3 {[%clk 01:20:54]} {[%emt 00:01:12]} a6 {[%clk
01:26:47]} {[%emt 00:02:13]} 16. Be3 {[%clk 01:14:29]} {[%emt 00:06:55]} Nd5
{[%clk 01:27:05]} {[%emt 00:00:12]} 17. Rad1 {[%clk 01:14:13]} {[%emt
00:00:46]} Be7 {[%clk 01:20:55]} {[%emt 00:06:40]} 18. Nd4 {[%clk 01:10:30]}
{[%emt 00:04:14]} Bc5 {[%clk 01:17:14]} {[%emt 00:04:10]} 19. Nf5 {[%clk
01:04:19]} {[%emt 00:06:38]} Nxe3 {[%clk 01:14:53]} {[%emt 00:02:54]} 20. Nxe3
{[%clk 01:04:43]} {[%emt 00:00:07]} Rad8 {[%clk 01:14:45]} {[%emt 00:00:37]}
21. Nc4 {[%clk 00:59:35]} {[%emt 00:05:38]} Rhe8 {[%clk 01:12:38]} {[%emt
00:02:36]} 22. b4 {[%clk 00:58:22]} {[%emt 00:01:44]} Bf8 {[%clk 01:12:44]}
{[%emt 00:00:23]} 23. f4 {[%clk 00:41:57]} {[%emt 00:16:56]} 1/2-1/2

[Event "DEM U12 2021"]
[Site "Willingen GER"]
[Date "2021.08.23"]
[Round "2"]
[White "Huber, Benedikt"]
[Black "Dorendorf, Mika"]
[Result "0-1"]
[Termination "normal"]
[Board "8"]
[WhiteElo "1613"]
[BlackElo "1492"]
[WhiteClock "00:32:42"]
[BlackClock "00:49:57"]
[PlyCount "62"]
[WhiteFideId "16281225"]
[BlackFideId "16283066"]
[EventCountry "GER"]
[EventRounds "9"]
[EventType "swiss"]
[EventDate "2021.08.22"]

1. e4 {[%clk 01:30:58]} {[%emt 00:00:02]} c5 {[%clk 01:30:56]} {[%emt
00:00:05]} 2. Nf3 {[%clk 01:31:23]} {[%emt 00:00:04]} Nc6 {[%clk 01:31:04]}
{[%emt 00:00:22]} 3. d4 {[%clk 01:31:47]} {[%emt 00:00:05]} cxd4 {[%clk
01:29:56]} {[%emt 00:01:39]} 4. Nxd4 {[%clk 01:32:12]} {[%emt 00:00:05]} Nf6
{[%clk 01:29:57]} {[%emt 00:00:29]} 5. Nc3 {[%clk 01:32:34]} {[%emt 00:00:09]}
e5 {[%clk 01:30:22]} {[%emt 00:00:04]} 6. Ndb5 {[%clk 01:33:01]} {[%emt
00:00:04]} d6 {[%clk 01:30:46]} {[%emt 00:00:06]} 7. Bg5 {[%clk 01:33:27]}
{[%emt 00:00:03]} a6 {[%clk 01:31:12]} {[%emt 00:00:05]} 8. Na3 {[%clk
01:33:54]} {[%emt 00:00:03]} b5 {[%clk 01:31:39]} {[%emt 00:00:03]} 9. Nd5
{[%clk 01:34:17]} {[%emt 00:00:06]} Be7 {[%clk 01:32:03]} {[%emt 00:00:06]} 10.
Bxf6 {[%clk 01:34:44]} {[%emt 00:00:04]} Bxf6 {[%clk 01:32:27]} {[%emt
00:00:06]} 11. c3 {[%clk 01:35:09]} {[%emt 00:00:05]} O-O {[%clk 01:32:48]}
{[%emt 00:00:09]} 12. Nc2 {[%clk 01:35:33]} {[%emt 00:00:05]} Bg5 {[%clk
01:33:12]} {[%emt 00:00:06]} 13. a4 {[%clk 01:34:10]} {[%emt 00:01:54]} bxa4
{[%clk 01:31:58]} {[%emt 00:01:44]} 14. Rxa4 {[%clk 01:30:39]} {[%emt
00:04:00]} a5 {[%clk 01:30:37]} {[%emt 00:01:51]} 15. Bc4 {[%clk 01:27:04]}
{[%emt 00:04:06]} Kh8 {[%clk 01:29:43]} {[%emt 00:01:23]} 16. O-O {[%clk
01:23:00]} {[%emt 00:04:35]} f5 {[%clk 01:28:59]} {[%emt 00:01:14]} 17. exf5
{[%clk 01:21:47]} {[%emt 00:01:44]} Bxf5 {[%clk 01:29:12]} {[%emt 00:00:17]}
18. Nce3 {[%clk 01:22:15]} Be6 {[%clk 01:28:23]} {[%emt 00:01:18]} 19. Qd3
{[%clk 01:16:04]} {[%emt 00:06:42]} Ne7 {[%clk 01:25:32]} {[%emt 00:03:21]} 20.
Nxe7 {[%clk 01:10:35]} {[%emt 00:06:00]} Qxe7 {[%clk 01:25:30]} {[%emt
00:00:32]} 21. Nd5 {[%clk 01:10:19]} {[%emt 00:00:46]} Qb7 {[%clk 01:23:31]}
{[%emt 00:02:27]} 22. b3 {[%clk 01:07:19]} {[%emt 00:03:32]} Rfc8 {[%clk
01:08:05]} {[%emt 00:15:55]} 23. Rfa1 {[%clk 00:59:13]} {[%emt 00:08:36]} Rc5
{[%clk 01:06:16]} {[%emt 00:02:19]} 24. Rd1 {[%clk 00:56:31]} {[%emt 00:03:13]}
Qc6 {[%clk 01:03:11]} {[%emt 00:03:35]} 25. Nb6 {[%clk 00:51:02]} {[%emt
00:05:59]} Qxb6 {[%clk 00:58:50]} {[%emt 00:04:49]} 26. Bxe6 {[%clk 00:51:22]}
{[%emt 00:00:11]} Re8 {[%clk 00:57:59]} {[%emt 00:01:21]} 27. Bd5 {[%clk
00:44:12]} {[%emt 00:07:40]} Rf8 {[%clk 00:57:44]} {[%emt 00:00:45]} 28. Ra2
{[%clk 00:36:01]} {[%emt 00:08:41]} Qc7 {[%clk 00:53:41]} {[%emt 00:04:33]} 29.
c4 {[%clk 00:34:46]} {[%emt 00:01:45]} Qb6 {[%clk 00:53:31]} {[%emt 00:00:39]}
30. Be4 {[%clk 00:34:06]} {[%emt 00:01:11]} h6 {[%clk 00:49:52]} {[%emt
00:04:10]} 31. Qxd6 {[%clk 00:32:42]} {[%emt 00:01:53]} Rd8 {[%clk 00:49:57]}
{[%emt 00:00:25]} 0-1

[Event "DEM U12 2021"]
[Site "Willingen GER"]
[Date "2021.08.23"]
[Round "2"]
[White "Schröder, Jan-Hendrik"]
[Black "Haubold, Christian Lucas"]
[Result "0-1"]
[Termination "normal"]
[Board "9"]
[WhiteElo "1246"]
[BlackElo "1649"]
[WhiteClock "00:23:33"]
[BlackClock "00:16:53"]
[PlyCount "104"]
[WhiteFideId "16283538"]
[BlackFideId "16259629"]
[EventCountry "GER"]
[EventRounds "9"]
[EventType "swiss"]
[EventDate "2021.08.22"]

1. e4 {[%clk 01:30:43]} {[%emt 00:00:16]} e5 {[%clk 01:30:55]} {[%emt
00:00:06]} 2. Nf3 {[%clk 01:29:40]} {[%emt 00:01:32]} Nc6 {[%clk 01:31:07]}
{[%emt 00:00:19]} 3. d4 {[%clk 01:28:39]} {[%emt 00:01:30]} exd4 {[%clk
01:31:00]} {[%emt 00:00:38]} 4. Nxd4 {[%clk 01:24:11]} {[%emt 00:04:58]} Bc5
{[%clk 01:27:13]} {[%emt 00:04:18]} 5. Nf5 {[%clk 01:21:57]} {[%emt 00:02:40]}
Qf6 {[%clk 01:24:08]} {[%emt 00:03:37]} 6. Nc3 {[%clk 01:21:29]} {[%emt
00:00:59]} Nge7 {[%clk 01:22:04]} {[%emt 00:02:34]} 7. Ne3 {[%clk 01:21:06]}
{[%emt 00:00:52]} d6 {[%clk 01:18:59]} {[%emt 00:03:36]} 8. Be2 {[%clk
01:20:14]} {[%emt 00:01:21]} Qg6 {[%clk 01:13:16]} {[%emt 00:06:14]} 9. O-O
{[%clk 01:18:36]} {[%emt 00:02:07]} O-O {[%clk 01:07:51]} {[%emt 00:05:56]} 10.
Kh1 {[%clk 01:16:11]} {[%emt 00:02:53]} Be6 {[%clk 00:59:46]} {[%emt 00:08:38]}
11. f4 {[%clk 01:15:09]} {[%emt 00:01:31]} f5 {[%clk 00:55:15]} {[%emt
00:05:01]} 12. exf5 {[%clk 01:10:04]} {[%emt 00:05:35]} Nxf5 {[%clk 00:51:01]}
{[%emt 00:04:44]} 13. Bh5 {[%clk 01:07:55]} {[%emt 00:02:39]} Nxe3 {[%clk
00:49:07]} {[%emt 00:02:24]} 14. Bxe3 {[%clk 01:07:23]} {[%emt 00:01:01]} Qf5
{[%clk 00:47:33]} {[%emt 00:02:05]} 15. g4 {[%clk 01:01:14]} {[%emt 00:06:39]}
Qf6 {[%clk 00:46:00]} {[%emt 00:02:01]} 16. Bxc5 {[%clk 01:00:37]} {[%emt
00:01:09]} dxc5 {[%clk 00:45:38]} {[%emt 00:00:52]} 17. Ne4 {[%clk 00:59:38]}
{[%emt 00:01:30]} Qd4 {[%clk 00:43:07]} {[%emt 00:03:00]} 18. Qxd4 {[%clk
00:56:35]} {[%emt 00:03:32]} cxd4 {[%clk 00:42:21]} {[%emt 00:01:17]} 19. g5
{[%clk 00:50:09]} {[%emt 00:06:55]} Bc4 {[%clk 00:38:41]} {[%emt 00:04:10]} 20.
Rf2 {[%clk 00:48:08]} {[%emt 00:02:21]} Bd5 {[%clk 00:36:00]} {[%emt 00:03:21]}
21. Bf3 {[%clk 00:47:56]} {[%emt 00:00:43]} Nb4 {[%clk 00:34:11]} {[%emt
00:02:19]} 22. a3 {[%clk 00:47:43]} {[%emt 00:00:43]} Rxf4 {[%clk 00:34:18]}
{[%emt 00:00:24]} 23. axb4 {[%clk 00:47:42]} {[%emt 00:00:30]} Bxe4 {[%clk
00:34:35]} {[%emt 00:00:13]} 24. Kg2 {[%clk 00:46:10]} {[%emt 00:02:02]} Raf8
{[%clk 00:33:16]} {[%emt 00:01:49]} 25. Raf1 {[%clk 00:46:27]} {[%emt
00:00:13]} Rg4+ {[%clk 00:32:36]} {[%emt 00:01:10]} 26. Kh3 {[%clk 00:46:07]}
{[%emt 00:00:50]} Bxf3 {[%clk 00:32:52]} {[%emt 00:00:13]} 27. Rxf3 {[%clk
00:46:05]} {[%emt 00:00:32]} Rxf3+ {[%clk 00:33:15]} {[%emt 00:00:08]} 28. Rxf3
{[%clk 00:46:02]} {[%emt 00:00:32]} Rxg5 {[%clk 00:33:38]} {[%emt 00:00:08]}
29. Rd3 {[%clk 00:45:50]} {[%emt 00:00:42]} Rd5 {[%clk 00:32:54]} {[%emt
00:01:15]} 30. c3 {[%clk 00:45:42]} {[%emt 00:00:37]} b6 {[%clk 00:32:53]}
{[%emt 00:00:31]} 31. Kg4 {[%clk 00:45:37]} {[%emt 00:00:36]} Kf7 {[%clk
00:31:56]} {[%emt 00:01:26]} 32. cxd4 {[%clk 00:43:39]} {[%emt 00:02:28]} Ke6
{[%clk 00:27:33]} {[%emt 00:04:53]} 33. h3 {[%clk 00:41:14]} {[%emt 00:02:56]}
Kd7 {[%clk 00:27:16]} {[%emt 00:00:46]} 34. Kf4 {[%clk 00:41:08]} {[%emt
00:00:36]} Rb5 {[%clk 00:27:31]} {[%emt 00:00:14]} 35. Rb3 {[%clk 00:39:52]}
{[%emt 00:01:47]} a5 {[%clk 00:27:52]} {[%emt 00:00:09]} 36. Rg3 {[%clk
00:39:15]} {[%emt 00:01:07]} g6 {[%clk 00:24:57]} {[%emt 00:03:25]} 37. bxa5
{[%clk 00:39:32]} {[%emt 00:00:13]} Rxa5 {[%clk 00:24:12]} {[%emt 00:01:16]}
38. Ke4 {[%clk 00:38:02]} {[%emt 00:01:59]} Rb5 {[%clk 00:23:33]} {[%emt
00:01:09]} 39. b3 {[%clk 00:37:46]} {[%emt 00:00:46]} Ke6 {[%clk 00:16:30]}
{[%emt 00:07:33]} 40. Rc3 {[%clk 00:35:57]} {[%emt 00:02:19]} c5 {[%clk
00:15:41]} {[%emt 00:01:19]} 41. h4 {[%clk 00:28:03]} {[%emt 00:08:24]} Rb4
{[%clk 00:15:24]} {[%emt 00:00:46]} 42. Rd3 {[%clk 00:25:10]} {[%emt 00:03:24]}
Rxd4+ {[%clk 00:15:14]} {[%emt 00:00:39]} 43. Rxd4 {[%clk 00:25:32]} {[%emt
00:00:08]} cxd4 {[%clk 00:15:39]} {[%emt 00:00:05]} 44. Kxd4 {[%clk 00:25:58]}
{[%emt 00:00:04]} Kd6 {[%clk 00:15:37]} {[%emt 00:00:33]} 45. Ke4 {[%clk
00:22:16]} {[%emt 00:04:12]} Kc5 {[%clk 00:14:40]} {[%emt 00:01:27]} 46. Kf4
{[%clk 00:22:36]} {[%emt 00:00:10]} h6 {[%clk 00:14:52]} {[%emt 00:00:17]} 47.
Ke5 {[%clk 00:22:37]} {[%emt 00:00:30]} Kb4 {[%clk 00:15:12]} {[%emt 00:00:10]}
48. Kf6 {[%clk 00:23:01]} {[%emt 00:00:06]} g5 {[%clk 00:15:32]} {[%emt
00:00:09]} 49. hxg5 {[%clk 00:22:46]} {[%emt 00:00:45]} hxg5 {[%clk 00:15:55]}
{[%emt 00:00:08]} 50. Kxg5 {[%clk 00:23:12]} {[%emt 00:00:04]} Kxb3 {[%clk
00:16:20]} {[%emt 00:00:05]} 51. Kf4 {[%clk 00:23:29]} {[%emt 00:00:12]} Kc2
{[%clk 00:16:31]} {[%emt 00:00:19]} 52. Ke4 {[%clk 00:23:33]} {[%emt 00:00:26]}
b5 {[%clk 00:16:53]} {[%emt 00:00:09]} 0-1

[Event "DEM U12 2021"]
[Site "Willingen GER"]
[Date "2021.08.23"]
[Round "2"]
[White "Dordevic, Tom"]
[Black "Chugunov, Ivan"]
[Result "0-1"]
[Termination "normal"]
[Board "10"]
[WhiteElo "1594"]
[BlackElo "1488"]
[WhiteClock "00:49:46"]
[BlackClock "00:57:40"]
[PlyCount "64"]
[WhiteFideId "16260503"]
[BlackFideId "16256808"]
[EventCountry "GER"]
[EventRounds "9"]
[EventType "swiss"]
[EventDate "2021.08.22"]

1. Nf3 {[%clk 01:30:54]} {[%emt 00:00:05]} Nf6 {[%clk 01:30:29]} {[%emt
00:00:31]} 2. g3 {[%clk 01:31:17]} {[%emt 00:00:08]} d5 {[%clk 01:30:20]}
{[%emt 00:00:38]} 3. Bg2 {[%clk 01:31:34]} {[%emt 00:00:13]} e6 {[%clk
01:30:11]} {[%emt 00:00:39]} 4. O-O {[%clk 01:31:45]} {[%emt 00:00:19]} b6
{[%clk 01:29:36]} {[%emt 00:01:05]} 5. c4 {[%clk 01:31:24]} {[%emt 00:00:52]}
Bb7 {[%clk 01:29:50]} {[%emt 00:00:15]} 6. d4 {[%clk 01:27:40]} {[%emt
00:04:14]} c5 {[%clk 01:28:40]} {[%emt 00:01:39]} 7. Nc3 {[%clk 01:25:44]}
{[%emt 00:02:27]} Nc6 {[%clk 01:27:31]} {[%emt 00:01:39]} 8. cxd5 {[%clk
01:23:05]} {[%emt 00:03:09]} exd5 {[%clk 01:27:12]} {[%emt 00:00:49]} 9. Bg5
{[%clk 01:21:41]} {[%emt 00:01:55]} Be7 {[%clk 01:22:17]} {[%emt 00:05:24]} 10.
dxc5 {[%clk 01:18:35]} {[%emt 00:03:36]} bxc5 {[%clk 01:22:18]} {[%emt
00:00:30]} 11. Bxf6 {[%clk 01:18:48]} {[%emt 00:00:17]} Bxf6 {[%clk 01:22:21]}
{[%emt 00:00:26]} 12. Nxd5 {[%clk 01:18:45]} {[%emt 00:00:33]} Rb8 {[%clk
01:18:16]} {[%emt 00:04:35]} 13. Rc1 {[%clk 01:13:43]} {[%emt 00:05:32]} O-O
{[%clk 01:16:40]} {[%emt 00:02:06]} 14. b3 {[%clk 01:13:05]} {[%emt 00:01:08]}
Nd4 {[%clk 01:12:00]} {[%emt 00:05:11]} 15. Nxf6+ {[%clk 01:11:06]} {[%emt
00:02:29]} Qxf6 {[%clk 01:10:52]} {[%emt 00:01:38]} 16. Rxc5 {[%clk 01:11:12]}
{[%emt 00:00:23]} Nxf3+ {[%clk 01:09:39]} {[%emt 00:01:43]} 17. Bxf3 {[%clk
01:11:32]} {[%emt 00:00:11]} Bxf3 {[%clk 01:09:30]} {[%emt 00:00:38]} 18. exf3
{[%clk 01:11:53]} {[%emt 00:00:09]} Rbd8 {[%clk 01:09:48]} {[%emt 00:00:11]}
19. Rd5 {[%clk 01:11:58]} {[%emt 00:00:26]} h6 {[%clk 01:08:58]} {[%emt
00:01:20]} 20. f4 {[%clk 01:11:55]} {[%emt 00:00:34]} Rxd5 {[%clk 01:08:23]}
{[%emt 00:01:05]} 21. Qxd5 {[%clk 01:12:18]} {[%emt 00:00:07]} Rd8 {[%clk
01:04:52]} {[%emt 00:04:00]} 22. Qa5 {[%clk 01:11:29]} {[%emt 00:01:19]} Qd4
{[%clk 01:03:42]} {[%emt 00:01:41]} 23. Re1 {[%clk 01:11:04]} {[%emt 00:00:54]}
Rd5 {[%clk 01:02:56]} {[%emt 00:01:16]} 24. Qc7 {[%clk 01:10:56]} {[%emt
00:00:36]} a5 {[%clk 01:02:55]} {[%emt 00:00:33]} 25. Re8+ {[%clk 01:09:07]}
{[%emt 00:02:19]} Kh7 {[%clk 01:03:07]} {[%emt 00:00:18]} 26. Qxf7 {[%clk
01:09:13]} {[%emt 00:00:24]} Rc5 {[%clk 01:02:01]} {[%emt 00:01:36]} 27. Qg8+
{[%clk 01:05:16]} {[%emt 00:04:27]} Kg6 {[%clk 00:59:13]} {[%emt 00:03:18]} 28.
Re6+ {[%clk 01:05:39]} {[%emt 00:00:07]} Kf5 {[%clk 00:57:59]} {[%emt
00:01:44]} 29. Qf7+ {[%clk 01:05:24]} {[%emt 00:00:45]} Kg4 {[%clk 00:58:01]}
{[%emt 00:00:28]} 30. Qg6+ {[%clk 01:05:22]} {[%emt 00:00:32]} Kf3 {[%clk
00:58:16]} {[%emt 00:00:16]} 31. Re3+ {[%clk 01:05:44]} {[%emt 00:00:08]} Qxe3
{[%clk 00:58:38]} {[%emt 00:00:08]} 32. fxe3 {[%clk 00:49:46]} {[%emt
00:16:28]} Rc1# {[%clk 00:57:40]} {[%emt 00:01:27]} 0-1